<?xml version="1.0" encoding="UTF-8"?>
<record
    xmlns:xsi="http://www.w3.org/2001/XMLSchema-instance"
    xsi:schemaLocation="http://www.loc.gov/MARC21/slim http://www.loc.gov/standards/marcxml/schema/MARC21slim.xsd"
    xmlns="http://www.loc.gov/MARC21/slim">

  <leader>00981nam a2200253 a 4500</leader>
  <controlfield tag="001">BRL_537</controlfield>
  <controlfield tag="005">20190320210805.0</controlfield>
  <controlfield tag="008">020913s1987----sp-a######---#000-0#spa-#</controlfield>
  <datafield tag="020" ind1=" " ind2=" ">
    <subfield code="a">8401573131</subfield>
  </datafield>
  <datafield tag="041" ind1=" " ind2=" ">
    <subfield code="a">spa</subfield>
  </datafield>
  <datafield tag="044" ind1=" " ind2=" ">
    <subfield code="a">sp</subfield>
  </datafield>
  <datafield tag="050" ind1=" " ind2="4">
    <subfield code="a">NA1309.C2</subfield>
    <subfield code="b">.P53 1987</subfield>
  </datafield>
  <datafield tag="100" ind1="1" ind2=" ">
    <subfield code="a">Pladevall, Antoni</subfield>
    <subfield code="9">24236</subfield>
  </datafield>
  <datafield tag="245" ind1="1" ind2="0">
    <subfield code="a">As&#xED; es Catalu&#xF1;a</subfield>
    <subfield code="b">gu&#xED;a del patrimonio arquitect&#xF3;nico</subfield>
    <subfield code="c">Generalitat de Catalunya, Departament de Cultura, Direccio&#xEC; General del Patrimoni Artisti ; textos, Antoni Pladevall i Font, con la colaboraci&#xF3;n de Montserrat Pag&#xE8;s i Paretas</subfield>
  </datafield>
  <datafield tag="260" ind1=" " ind2=" ">
    <subfield code="a">Barcelona</subfield>
    <subfield code="b">Plaza &amp; Jan&#xE9;s</subfield>
    <subfield code="c">1987</subfield>
  </datafield>
  <datafield tag="300" ind1=" " ind2=" ">
    <subfield code="a">515 p.</subfield>
    <subfield code="b">il., mapas</subfield>
    <subfield code="c">23 cm.</subfield>
  </datafield>
  <datafield tag="500" ind1=" " ind2=" ">
    <subfield code="a">Au561</subfield>
  </datafield>
  <datafield tag="650" ind1="1" ind2="4">
    <subfield code="a">Arquitectura</subfield>
    <subfield code="v">Gu&#xED;as</subfield>
    <subfield code="z">Espa&#xF1;a, Catalu&#xF1;a</subfield>
    <subfield code="9">24237</subfield>
  </datafield>
  <datafield tag="650" ind1="1" ind2="4">
    <subfield code="a">Edificios hist&#xF3;ricos</subfield>
    <subfield code="v">Gu&#xED;as</subfield>
    <subfield code="z">Espa&#xF1;a, Catalu&#xF1;a</subfield>
    <subfield code="9">24238</subfield>
  </datafield>
  <datafield tag="700" ind1="1" ind2=" ">
    <subfield code="a">Pag&#xE8;s i Paretas, Montserrat</subfield>
    <subfield code="9">24239</subfield>
  </datafield>
  <datafield tag="710" ind1="2" ind2=" ">
    <subfield code="a">Catalu&#xF1;a (Espa&#xF1;a)</subfield>
    <subfield code="b">Direcci&#xF3; General del Patrimoni Art&#xED;stic</subfield>
    <subfield code="9">24240</subfield>
  </datafield>
  <datafield tag="902" ind1=" " ind2=" ">
    <subfield code="a">GRL</subfield>
  </datafield>
  <datafield tag="942" ind1=" " ind2=" ">
    <subfield code="2">lcc</subfield>
    <subfield code="c">B</subfield>
  </datafield>
  <datafield tag="999" ind1=" " ind2=" ">
    <subfield code="c">9349</subfield>
    <subfield code="d">9349</subfield>
  </datafield>
  <datafield tag="952" ind1=" " ind2=" ">
    <subfield code="0">0</subfield>
    <subfield code="1">0</subfield>
    <subfield code="4">0</subfield>
    <subfield code="7">0</subfield>
    <subfield code="a">BRL</subfield>
    <subfield code="b">BRL</subfield>
    <subfield code="d">2013-09-02</subfield>
    <subfield code="i">Au561</subfield>
    <subfield code="l">0</subfield>
    <subfield code="o">NA1309.C2 .P53 1987 (Au561)</subfield>
    <subfield code="p">GRL00593</subfield>
    <subfield code="r">2019-03-22 00:00:00</subfield>
    <subfield code="w">2019-03-22</subfield>
    <subfield code="y">B</subfield>
  </datafield>
</record>
